000 00486nam a2200181Ia 4500
003 GCL
008 140319s9999 xx 000 0 eng d
040 _aGCL /
_cGCL
082 0 4 _a342.029
_bA R
100 1 _aABDEL MAGEED, FAWZI
245 1 0 _aREFUGEE LAW WITH PARTICULAR REFRENCE TO SUDAN /
_cABDEL MAGEED, FAWZI
260 _a[S.N] :
_bSUDAN COLOURPHOTO LABORATORIES ،
_c1988
300 _a128 P
650 0 4 _aSUDAN
650 0 4 _aLAW
650 0 4 _aSUDAN - LAW
942 _2ddc
_cBK
999 _c12078
_d12078